| 000 | 01019nam0a22002891 4500 | ||
|---|---|---|---|
| 001 | RU\INFOCOMM_318\NLR\5000085949 | ||
| 005 | 20250613103002.0 | ||
| 035 | _a(NLR Aleph) 009454699 | ||
| 090 |
_a8428267 _c8428267 |
||
| 100 | _a20121205d1970 |||y0rusy50 ca | ||
| 101 | 1 |
_aeng _crus |
|
| 102 | _aRU | ||
| 105 | _ay z ||||| | ||
| 200 | 1 |
_aAutumn in the oak woods _eShort stories _fYuri Kazakov _g[Transl. from the Russ. by Bernard Isaacs _gDes. by M. Rudakov] |
|
| 210 |
_aM. _c"Progress" _d1970 |
||
| 215 |
_a288 с. _cил. _d17 см |
||
| 225 | 1 | _aSoviet short stories series | |
| 300 | _aНа обороте тит. л.: Юрий Казаков. Осень в дубовых лесах. Рассказы | ||
| 620 | _aМосква | ||
| 686 |
_aЛх0рс1078(англ.) _2rubbk |
||
| 700 | 1 |
_9z01790 _aKazakov _bJ. P. _f1927-1982 _gJurij Pavlovič |
|
| 790 | 1 |
_9z01700 _aKazakov _bY. _gYuri _4070 |
|
| 801 | 1 |
_aRU _bNLR _c20121205 |
|
| 801 | 0 |
_aRU _bINFOCOMM _gPSBO |
|
| 852 |
_aNLR _jЛ11 Д-1/35 |
||
| 942 | _cBOOK | ||
| 980 | _aNB | ||